[Event "VIE-ch"]
[Site "Ho Chi Minh City"]
[Date "2015.04.18"]
[Round "1"]
[White "Nguyen, Tan Thinh"]
[Black "Pham, Chuong"]
[Result "0-1"]
[WhiteElo "1990"]
[BlackElo "2397"]
[PlyCount "124"]
[EventDate "2015.04.18"]
[EventType "swiss"]
[EventRounds "11"]
[EventCountry "VIE"]
[SourceTitle "CBM 166 Extra"]
[Source "ChessBase"]
[SourceDate "2015.06.18"]
[SourceVersion "1"]
[SourceVersionDate "2015.06.18"]
[SourceQuality "1"]

1. d4 d5 2. c4 e6 3. Nf3 Be7 4. Bf4 Nf6 5. e3 0-0 6. Bd3 dxc4 7. Bxc4 a6 8. 0-0 b5 9. Bb3 Bb7 10. a4 b4 11. Nbd2 Nbd7 12. Qe2 c5 13. Bg3 cxd4 14. Nxd4 Nc5 15. Bc4 Nce4 16. Nxe4 Nxe4 17. Qg4 Nxg3 18. hxg3 Bf6 19. Rad1 Qb6 20. b3 Rad8 21. Ne2 e5 22. e4 g6 23. Nc1 Kg7 24. Qe2 Be7 25. Kh2 a5 26. Nd3 f6 27. f3 Rd4 28. Nf2 Bc5 29. Nd3 Be7 30. Nf2 Rfd8 31. Rxd4 Rxd4 32. Ng4 Qd8 33. Rc1 h5 34. Ne3 Rd2 35. Qe1 Qd4 36. Bd5 Bxd5 37. Nxd5 Bd6 38. Qg1 Qxg1+ 39. Kxg1 f5 40. Rc6 Bb8 41. Kh2 fxe4 42. fxe4 Kh6 43. Ra6 Rd3 44. Rxa5 Rxb3 45. Rb5 Ba7 46. Nxb4 Bf2 47. Nd5 Bxg3+ 48. Kg1 Ra3 49. Kf1 Rxa4 50. Nc3 Ra3 51. Rc5 Ra1+ 52. Ke2 h4 53. Nd1 Ra2+ 54. Kf3 Kh5 55. Rb5 g5 56. Rb2 Ra3+ 57. Ke2 Bf4 58. Rb8 Kg4 59. Kf2 Bg3+ 60. Ke2 Kf4 61. Rb4 g4 62. Nb2 Re3+ 0-1

[Event "Ho Chi Minh City HD Bank op 5th"]
[Site "Ho Chi Minh City"]
[Date "2015.03.21"]
[Round "7"]
[White "Nguyen, Tan Thinh"]
[Black "Myo, Naing"]
[Result "0-1"]
[WhiteElo "1990"]
[BlackElo "2299"]
[PlyCount "66"]
[EventDate "2015.03.17"]
[EventType "swiss"]
[EventRounds "9"]
[EventCountry "VIE"]
[SourceTitle "CBM 165 Extra"]
[Source "ChessBase"]
[SourceDate "2015.04.21"]
[SourceVersion "1"]
[SourceVersionDate "2015.04.21"]
[SourceQuality "1"]

1. e4 c5 2. Nf3 d6 3. d4 cxd4 4. Nxd4 Nf6 5. Nc3 Nc6 6. Be3 e5 7. Nb3 Be7 8. Be2 0-0 9. 0-0 a5 10. f3 a4 11. Nd2 a3 12. b3 Be6 13. Nc4 Nb4 14. Qd2 d5 15. exd5 Nfxd5 16. Nxd5 Nxd5 17. Rad1 Qc7 18. Bf2 b5 19. Ne3 Nc3 20. Ra1 Rfd8 21. Bd3 Bb4 22. Nd1 Nxa2 23. Qg5 Nc3 24. Qh4 Rxd3 25. cxd3 Be7 26. Qh5 Ne2+ 27. Kh1 Nf4 28. Rc1 Qb8 29. Bc5 Nxh5 30. Bxe7 Nf4 31. Nc3 a2 32. g3 Nxd3 33. Rcd1 Qc7 0-1

[Event "Ho Chi Minh City HD Bank op 5th"]
[Site "Ho Chi Minh City"]
[Date "2015.03.19"]
[Round "4"]
[White "Dang, Hoang Son"]
[Black "Nguyen, Tan Thinh"]
[Result "0-1"]
[WhiteElo "2237"]
[BlackElo "1990"]
[PlyCount "90"]
[EventDate "2015.03.17"]
[EventType "swiss"]
[EventRounds "9"]
[EventCountry "VIE"]
[SourceTitle "CBM 165 Extra"]
[Source "ChessBase"]
[SourceDate "2015.04.21"]
[SourceVersion "1"]
[SourceVersionDate "2015.04.21"]
[SourceQuality "1"]

1. d4 d5 2. c4 c6 3. Nf3 Nf6 4. e3 Bf5 5. Nc3 e6 6. Nh4 Bg6 7. Be2 Bd6 8. g3 Nbd7 9. 0-0 Rc8 10. c5 Bb8 11. b4 a6 12. a4 0-0 13. Nxg6 hxg6 14. b5 axb5 15. axb5 cxb5 16. Bxb5 b6 17. c6 Bd6 18. Ra7 Nb8 19. Qa4 Rc7 20. e4 Nxe4 21. Nxe4 dxe4 22. Be3 g5 23. d5 exd5 24. Bxb6 Rxa7 25. Qxa7 Qf6 26. c7 Qb2 27. cxb8Q Rxb8 28. Bc5 Qxb5 29. Bxd6 Rb6 30. Qe7 Qc6 31. Qf8+ Kh7 32. Bc5 Ra6 33. Rc1 Qf6 34. Qc8 Rc6 35. Qh3+ Kg6 36. g4 Qe5 37. Qh5+ Kf6 38. Be7+ Kxe7 39. Rxc6 e3 40. Rc1 exf2+ 41. Kf1 Qe3 42. Rd1 d4 43. Qh7 g6 44. Qh8 d3 45. Qb2 Qh3+ 0-1

[Event "Ho Chi Minh City HD Bank op 5th"]
[Site "Ho Chi Minh City"]
[Date "2015.03.18"]
[Round "3"]
[White "Nguyen, Tan Thinh"]
[Black "Truong, Anh Kiet"]
[Result "1-0"]
[WhiteElo "1990"]
[BlackElo "1766"]
[PlyCount "43"]
[EventDate "2015.03.17"]
[EventType "swiss"]
[EventRounds "9"]
[EventCountry "VIE"]
[SourceTitle "CBM 165 Extra"]
[Source "ChessBase"]
[SourceDate "2015.04.21"]
[SourceVersion "1"]
[SourceVersionDate "2015.04.21"]
[SourceQuality "1"]

1. e4 c5 2. Nf3 d6 3. d4 cxd4 4. Nxd4 Nf6 5. Nc3 g6 6. Be3 Bg7 7. f3 0-0 8. Qd2 Nc6 9. Bc4 Bd7 10. Bb3 Rc8 11. 0-0-0 Ne5 12. g4 a6 13. h4 h5 14. gxh5 Nxh5 15. Bh6 Qa5 16. Bxg7 Kxg7 17. Rdg1 Nc4 18. Bxc4 Rxc4 19. Rg5 Qb4 20. Rxh5 Rxd4 21. Qh6+ Kf6 22. Qxf8 1-0

[Event "Ho Chi Minh City HD Bank op 5th"]
[Site "Ho Chi Minh City"]
[Date "2015.03.17"]
[Round "1"]
[White "Nguyen, Tan Thinh"]
[Black "Liu, Xiangyi"]
[Result "0-1"]
[WhiteElo "1990"]
[BlackElo "2380"]
[PlyCount "68"]
[EventDate "2015.03.17"]
[EventType "swiss"]
[EventRounds "9"]
[EventCountry "VIE"]
[SourceTitle "CBM 165 Extra"]
[Source "ChessBase"]
[SourceDate "2015.04.21"]
[SourceVersion "1"]
[SourceVersionDate "2015.04.21"]
[SourceQuality "1"]

1. e4 g6 2. d4 Bg7 3. Be3 c6 4. Nd2 d6 5. Ngf3 Nf6 6. h3 Nbd7 7. c3 0-0 8. Bc4 b5 9. Bb3 Bb7 10. 0-0 c5 11. d5 a6 12. Re1 c4 13. Bc2 e6 14. dxe6 fxe6 15. Bg5 Qc7 16. Qe2 e5 17. Nf1 Nc5 18. Ng3 Ne6 19. Be3 d5 20. Rad1 Nf4 21. Qd2 Nxe4 22. Nxe4 dxe4 23. Qd7 Qxd7 24. Rxd7 Nxg2 25. Rxb7 exf3 26. Rd1 Nxe3 27. Rdd7 Bf6 28. fxe3 Rad8 29. Rxh7 Rd2 30. Rh6 Rg2+ 31. Kf1 Rf7 32. Rb8+ Kg7 33. Rhh8 Rd7 34. Rhg8+ Kh7 0-1